| 000 | 00516nam a2200193Ia 4500 | ||
|---|---|---|---|
| 001 | 269 | ||
| 005 | 20251205091621.0 | ||
| 008 | 251203t1992||||xx |||||||||||||| ||spa|| | ||
| 041 | _aESP | ||
| 082 |
_a750.985 _bT72 |
||
| 100 |
_aTord, Luis Enrique, _cAUT |
||
| 245 | 0 | _aJorge Vinatea Reinoso | |
| 260 |
_aLima : _bBanco del Sur del Perú _c1992 |
||
| 300 |
_a219 páginas : _b ilustraciones ; _c 31 cm. |
||
| 650 | _aABD | ||
| 653 | _aPintura peruana, Arequipa; Siglo XX | ||
| 654 | _aCTP | ||
| 942 |
_cLIB _dJUS _fMIP _2ddc |
||
| 999 |
_c269 _d269 |
||